[Event "FIN-chT 2022"]
[Site "Finland"]
[Date "2022.04.10"]
[Round "11.3"]
[White "Iivonen, Markku"]
[Black "Jarvenpaa, Jari"]
[Result "1/2-1/2"]
[WhiteElo "2093"]
[BlackElo "2278"]
[PlyCount "162"]
[EventDate "2020.09.12"]
[EventType "team-tourn"]
[EventRounds "11"]
[EventCountry "FIN"]
[SourceTitle "EXT 2023"]
[Source "ChessBase"]
[SourceDate "2022.10.05"]
[SourceVersion "1"]
[SourceVersionDate "2022.10.05"]
[SourceQuality "1"]
[WhiteTeam "Tampere Tammer"]
[BlackTeam "Turku TuTS"]
[WhiteTeamCountry "FIN"]
[BlackTeamCountry "FIN"]

1. e4 d6 2. d4 Nf6 3. Nc3 Nbd7 4. f4 e5 5. Bc4 exd4 6. Qxd4 c6 7. Nf3 d5 8. exd5 Bc5 9. Qd3 Qe7+ 10. Qe2 Qxe2+ 11. Kxe2 Nb6 12. Re1 0-0 13. Bb3 Re8+ 14. Kf1 Rxe1+ 15. Kxe1 Nbxd5 16. Nxd5 Nxd5 17. Bd2 Bf5 18. Ne5 Bd4 19. c3 Bxe5 20. fxe5 Re8 21. Kf2 Rxe5 22. Re1 Rxe1 23. Kxe1 Nb6 24. Be3 Be6 25. Ke2 Bxb3 26. axb3 f5 27. Kf3 Kf7 28. c4 Ke6 29. Kf4 h6 30. h4 g6 31. g4 fxg4 32. Kxg4 Nd7 33. Bxh6 Ne5+ 34. Kf4 Nd3+ 35. Ke4 Nc5+ 36. Kd4 Nxb3+ 37. Kc3 Nc5 38. Be3 Na4+ 39. Kb4 Nb6 40. b3 Nc8 41. Kc5 Ne7 42. Bf4 b6+ 43. Kb4 Kd7 44. Kc3 Nf5 45. Bg5 Ke6 46. b4 b5 47. cxb5 cxb5 48. Kd3 Ke5 49. Bd8 Kf4 50. Bc7+ Kf3 51. Bd8 a6 52. Bf6 Kf4 53. Bd8 Ke5 54. Bc7+ Kd5 55. Bd8 Nd4 56. Bf6 Nc6 57. Bc3 Nd8 58. Bf6 Nf7 59. Bg7 Nd8 60. Bf6 Ne6 61. Be7 Ke5 62. Ke3 Nc7 63. Kd3 Nd5 64. Bf8 Nf4+ 65. Kc3 Ke4 66. Bd6 Nd5+ 67. Kb3 Kf3 68. Kc2 Kg4 69. Kd3 Kxh4 70. Kd4 Nxb4 71. Bxb4 g5 72. Ke4 g4 73. Kf4 Kh3 74. Be1 b4 75. Bxb4 g3 76. Bc5 a5 77. Ke4 a4 78. Kd3 g2 79. Kc3 a3 80. Kb3 a2 81. Kxa2 g1B 1/2-1/2

[Event "Heart of Finland op 29th"]
[Site "Jyvaskyla"]
[Date "2019.07.21"]
[Round "9"]
[White "Luukkonen, Tommi"]
[Black "Iivonen, Markku"]
[Result "1-0"]
[WhiteElo "2276"]
[BlackElo "2130"]
[PlyCount "71"]
[EventDate "2019.07.15"]
[EventType "swiss"]
[EventRounds "9"]
[EventCountry "FIN"]
[SourceTitle "EXT 2021"]
[Source "ChessBase"]
[SourceDate "2020.10.23"]
[SourceVersion "1"]
[SourceVersionDate "2020.10.23"]
[SourceQuality "1"]

1. e4 d6 2. d4 Nf6 3. Nc3 g6 4. Bg5 Bg7 5. Qd2 h6 6. Bh4 g5 7. Bg3 Nh5 8. 0-0-0 c6 9. Nge2 Qa5 10. Kb1 Na6 11. f3 b5 12. Nc1 b4 13. N3e2 Be6 14. Bf2 Nc7 15. g4 Nf6 16. Nb3 Bxb3 17. cxb3 h5 18. gxh5 Nxh5 19. Rg1 Ne6 20. d5 cxd5 21. exd5 Nef4 22. Nxf4 gxf4 23. Bd4 Be5 24. Bxe5 dxe5 25. d6 Rd8 26. d7+ Kf8 27. Qg2 e6 28. Qg5 f6 29. Qg6 Ke7 30. Bh3 e4 31. Qxe4 f5 32. Qd4 Kf7 33. Rg5 Nf6 34. Rdg1 Rh7 35. Rg6 e5 36. Qd6 1-0

[Event "Tampere We TammerSh A"]
[Site "Tampere "]
[Date "2017.09.30"]
[Round "1"]
[White "Jarvenpaa, Jari"]
[Black "Iivonen, Markku"]
[Result "1-0"]
[WhiteElo "2273"]
[BlackElo "2077"]
[PlyCount "85"]
[EventDate "2017.09.30"]
[EventType "swiss"]
[EventRounds "4"]
[EventCountry "FIN"]
[SourceTitle "EXT 2022"]
[Source "ChessBase"]
[SourceDate "2021.10.06"]
[SourceVersion "1"]
[SourceVersionDate "2021.10.06"]
[SourceQuality "1"]

1. e4 e6 2. d4 d5 3. Nd2 Nc6 4. Ngf3 Nf6 5. e5 Ne4 6. c3 f5 7. exf6 Nxf6 8. Bb5 Bd6 9. 0-0 0-0 10. Re1 Ne7 11. Ng5 Ng6 12. Ndf3 Nh5 13. Nxh7 Ngf4 14. Nxf8 Qxf8 15. Ne5 Qf5 16. Bf1 c5 17. g3 Nh3+ 18. Bxh3 Qxh3 19. Qf3 Nf6 20. Bg5 Bxe5 21. dxe5 Nh7 22. Be3 b6 23. Qg2 Qh5 24. f4 Bb7 25. b4 Rc8 26. bxc5 bxc5 27. Qe2 Qf7 28. Rab1 d4 29. cxd4 cxd4 30. Bxd4 Bd5 31. Rb2 Nf8 32. Reb1 Qf5 33. Bxa7 Kf7 34. g4 Qxf4 35. Rf1 Rc1 36. Rxc1 Qxc1+ 37. Qf1+ Qxf1+ 38. Kxf1 Ng6 39. Bd4 Ke7 40. Kf2 Nf4 41. Kg3 g5 42. Be3 Nd3 43. Re2 1-0

[Event "Hameenlinna We HamSK"]
[Site "Hameenlinna"]
[Date "2017.06.11"]
[Round "5"]
[White "Iivonen, Markku"]
[Black "Pitkanen, Ari"]
[Result "1/2-1/2"]
[WhiteElo "2054"]
[BlackElo "1949"]
[PlyCount "57"]
[EventDate "2017.06.10"]
[EventType "swiss"]
[EventRounds "5"]
[EventCountry "FIN"]
[SourceTitle "EXT 2022"]
[Source "ChessBase"]
[SourceDate "2021.10.06"]
[SourceVersion "1"]
[SourceVersionDate "2021.10.06"]
[SourceQuality "1"]

1. e4 c5 2. Nf3 Nc6 3. d4 cxd4 4. Nxd4 d6 5. Nc3 Nf6 6. Be2 g6 7. Be3 Bg7 8. f4 0-0 9. Nb3 Be6 10. g4 Qc8 11. f5 Bd7 12. g5 Nxe4 13. Nxe4 Bxf5 14. Ng3 Bxb2 15. 0-0 Bh3 16. Rb1 Bxf1 17. Rxb2 Bxe2 18. Qxe2 d5 19. c4 dxc4 20. Qxc4 Qh3 21. Qe4 Rad8 22. Nd2 Rd7 23. a4 Rfd8 24. Ndf1 e5 25. Nd2 Qe6 26. Nf3 Qh3 27. Nd2 Qe6 28. Nf3 Qh3 29. Nd2 1/2-1/2

[Event "EU-Cup 32nd"]
[Site "Novi Sad"]
[Date "2016.11.09"]
[Round "4.6"]
[White "Iivonen, Markku"]
[Black "Nikolovski, Nikola"]
[Result "0-1"]
[WhiteElo "2052"]
[BlackElo "2274"]
[PlyCount "74"]
[EventDate "2016.11.06"]
[EventType "team-swiss"]
[EventRounds "7"]
[EventCountry "SRB"]
[SourceTitle "CBM 176"]
[Source "ChessBase"]
[SourceDate "2017.01.17"]
[SourceVersion "1"]
[SourceVersionDate "2017.01.17"]
[SourceQuality "1"]
[WhiteTeam "Tammer Shakki"]
[BlackTeam "Gambit Asseco See"]
[WhiteTeamCountry "FIN"]
[BlackTeamCountry "MKD"]

1. e4 c5 2. Nf3 Nc6 3. d4 cxd4 4. Nxd4 e5 5. Nb5 d6 6. c4 Be7 7. N1c3 a6 8. Na3 f5 9. exf5 Bxf5 10. Bd3 Be6 11. Nc2 Nf6 12. 0-0 0-0 13. Ne3 b5 14. cxb5 axb5 15. Nxb5 d5 16. Bf5 Bf7 17. Bd2 g6 18. Bh3 h5 19. Rc1 Qb6 20. a4 Kg7 21. b3 Ne4 22. Qc2 Ra6 23. Bc3 Nxc3 24. Nxc3 Nb4 25. Qe2 Bg5 26. Ncxd5 Bxd5 27. Nxd5 Nxd5 28. Qxe5+ Kh6 29. Rc8 Rd8 30. Rd1 Qxb3 31. Qa1 Rxa4 32. Qb1 Qxb1 33. Rxb1 Nf4 34. Rxd8 Nxh3+ 35. gxh3 Bxd8 36. Rb5 Ra2 37. Kg2 Bh4 0-1

[Event "Heart of Finland op 25th"]
[Site "Jyvaskyla"]
[Date "2015.07.14"]
[Round "3"]
[White "Koykka, Pekka"]
[Black "Iivonen, Markku"]
[Result "1-0"]
[WhiteElo "2303"]
[BlackElo "2048"]
[PlyCount "57"]
[EventDate "2015.07.13"]
[EventType "swiss"]
[EventRounds "9"]
[EventCountry "FIN"]
[SourceTitle "CBM 167 Extra"]
[Source "ChessBase"]
[SourceDate "2015.09.14"]
[SourceVersion "1"]
[SourceVersionDate "2015.09.14"]
[SourceQuality "1"]

1. e4 d6 2. d4 Nf6 3. Nc3 g6 4. Be3 Bg7 5. Qd2 0-0 6. f3 c6 7. 0-0-0 Qa5 8. Kb1 Nbd7 9. Nge2 b5 10. Nd5 Qd8 11. Nxf6+ Nxf6 12. Bh6 Be6 13. h4 Bxh6 14. Qxh6 Kh8 15. h5 gxh5 16. Nf4 Rg8 17. Nxh5 Rg6 18. Qd2 Nxh5 19. Rxh5 Qg8 20. d5 cxd5 21. exd5 Bd7 22. g4 f5 23. Bd3 Rf8 24. Qc3+ Qg7 25. Qc7 Bc8 26. Qxa7 fxg4 27. Bxg6 Qxg6 28. Qxe7 Re8 29. Rxh7+ 1-0

[Event "FIN-chT 1415"]
[Site "Finland"]
[Date "2014.11.15"]
[Round "5.5"]
[White "Hynninen, Juha"]
[Black "Iivonen, Markku"]
[Result "0-1"]
[WhiteElo "2210"]
[BlackElo "2019"]
[PlyCount "130"]
[EventDate "2014.09.27"]
[EventType "team-tourn"]
[EventRounds "11"]
[EventCountry "FIN"]
[SourceTitle "EXT 2016"]
[Source "ChessBase"]
[SourceDate "2015.10.08"]
[SourceVersion "1"]
[SourceVersionDate "2015.10.08"]
[SourceQuality "1"]
[WhiteTeam "Salo SalSK"]
[BlackTeam "Sastamala VammSK"]
[WhiteTeamCountry "FIN"]
[BlackTeamCountry "FIN"]

1. d4 d6 2. Nf3 Bg4 3. c4 Nd7 4. Qb3 Rb8 5. g3 c5 6. d5 Bxf3 7. Qxf3 g6 8. e3 Bg7 9. Qd1 Qb6 10. Qc2 Qb4+ 11. Nd2 Ngf6 12. Be2 b5 13. a3 Qa5 14. 0-0 bxc4 15. Nxc4 Qc7 16. Rd1 0-0 17. Rb1 Rfc8 18. e4 Nb6 19. Be3 Nxc4 20. Qxc4 Nd7 21. Qc2 Qb7 22. b3 Nb6 23. Qd2 Qd7 24. Ba6 Rf8 25. Bf1 Rb7 26. Rdc1 Qg4 27. Qd3 f5 28. exf5 gxf5 29. Be2 Qg6 30. Bf3 Nd7 31. Bf4 Be5 32. Kh1 Rfb8 33. Rg1 Kf8 34. Bd1 Qf7 35. Bf3 Bd4 36. Kg2 Ne5 37. Qd1 Ng6 38. Bh6+ Ke8 39. Re1 Qf6 40. Re6 Qf7 41. Bh5 Kd8 42. Bg5 f4 43. g4 f3+ 44. Kg1 Be5 45. b4 c4 46. Rc1 Rc8 47. Rxe5 dxe5 48. d6 Rd7 49. Bxe7+ Ke8 50. Qe1 Qf4 51. Rc3 Rxe7 52. dxe7 Kxe7 53. h3 Rd8 54. b5 Rd3 55. Rc1 Ke6 56. a4 Kd5 57. a5 Qd4 58. Bxg6 hxg6 59. b6 axb6 60. axb6 Qxb6 61. Ra1 c3 62. Ra3 Qd4 63. Ra1 Rd2 64. Qf1 Qd3 65. Qc1 c2 0-1

[Event "FIN-chT 1415"]
[Site "Finland"]
[Date "2014.09.28"]
[Round "2.6"]
[White "Iivonen, Markku"]
[Black "Vinke, Dietmar"]
[Result "1/2-1/2"]
[WhiteElo "2019"]
[BlackElo "2166"]
[PlyCount "97"]
[EventDate "2014.09.27"]
[EventType "team-tourn"]
[EventRounds "11"]
[EventCountry "FIN"]
[SourceTitle "CBM 162 Extra"]
[Source "ChessBase"]
[SourceDate "2014.10.17"]
[SourceVersion "1"]
[SourceVersionDate "2014.10.17"]
[SourceQuality "1"]
[WhiteTeam "Sastamala VammSK"]
[BlackTeam "Oulu OSS"]
[WhiteTeamCountry "FIN"]
[BlackTeamCountry "FIN"]

1. e4 c6 2. d4 d5 3. Nc3 g6 4. h3 Bg7 5. Nf3 Nh6 6. exd5 cxd5 7. g4 0-0 8. Bf4 f6 9. Qd2 Nf7 10. Bg2 Nc6 11. 0-0 e6 12. Rfe1 Bd7 13. Ne2 b5 14. c3 Na5 15. b3 Rc8 16. Rac1 Qb6 17. g5 Nb7 18. gxf6 Bxf6 19. Ng3 Nbd6 20. Ne5 Qd8 21. Re2 Bg7 22. Rce1 Nxe5 23. Bxe5 Bxe5 24. Rxe5 Nf7 25. R5e3 Qh4 26. Qe2 Rc7 27. Qg4 Qxg4 28. hxg4 Rfc8 29. Ne2 a5 30. f4 Nd6 31. a3 a4 32. bxa4 bxa4 33. Rg3 Rf8 34. f5 exf5 35. Bxd5+ Kh8 36. gxf5 Nxf5 37. Rf3 Re8 38. Kf2 Bb5 39. Nf4 Rxe1 40. Kxe1 Re7+ 41. Kd2 Kg7 42. Be6 Nd6 43. Bd5 Bc4 44. Bxc4 Nxc4+ 45. Kd3 Nb2+ 46. Kc2 Nc4 47. d5 g5 48. Ne6+ Kg6 49. Nf8+ 1/2-1/2

[Event "Heart of Finland op 24th"]
[Site "Jyvaskyla"]
[Date "2014.07.08"]
[Round "2"]
[White "Alho, Sauli"]
[Black "Iivonen, Markku"]
[Result "1/2-1/2"]
[WhiteElo "2144"]
[BlackElo "2044"]
[PlyCount "99"]
[EventDate "2014.07.07"]
[EventType "swiss"]
[EventRounds "9"]
[EventCountry "FIN"]
[SourceTitle "CBM 161 Extra"]
[Source "ChessBase"]
[SourceDate "2014.08.29"]
[SourceVersion "1"]
[SourceVersionDate "2014.08.29"]
[SourceQuality "1"]

1. e4 d6 2. d4 Nf6 3. Nc3 g6 4. g3 Bg7 5. Bg2 0-0 6. Nge2 e5 7. h3 exd4 8. Nxd4 Nbd7 9. 0-0 Re8 10. Re1 Nc5 11. g4 h5 12. g5 Nh7 13. f4 f5 14. Nb3 Nxe4 15. Nxe4 fxe4 16. Bxe4 Nf8 17. c3 c6 18. Bg2 Rxe1+ 19. Qxe1 Bf5 20. Be3 Qd7 21. Kh2 Re8 22. Qd2 Ne6 23. Rd1 d5 24. c4 d4 25. Nxd4 Nxd4 26. Bxd4 Rd8 27. Bc3 Qxd2 28. Rxd2 Rxd2 29. Bxd2 Bxb2 30. Bf1 Kf7 31. Be2 Bd4 32. Kg3 Ke6 33. h4 Bb1 34. a3 Kf5 35. Bf1 Ke4 36. Bb4 Be3 37. Bd6 Kd4 38. Kf3 Be4+ 39. Kg3 Bf5 40. Be5+ Kc5 41. Bb8 Kb6 42. Bh3 Bd3 43. Be6 Bc5 44. f5 gxf5 45. Kf4 Bxa3 46. Bxf5 Bc1+ 47. Ke5 Bb2+ 48. Kf4 Bc1+ 49. Ke5 Bb2+ 50. Kf4 1/2-1/2

[Event "FIN Team Cup"]
[Site "Finland"]
[Date "2014.04.13"]
[Round "2.1"]
[White "Mikkonen, Harri"]
[Black "Iivonen, Markku"]
[Result "0-1"]
[WhiteElo "1877"]
[BlackElo "2043"]
[PlyCount "87"]
[EventDate "2014.03.29"]
[EventType "team-k.o."]
[EventRounds "6"]
[EventCountry "FIN"]
[SourceTitle "EXT 2022"]
[Source "ChessBase"]
[SourceDate "2021.10.06"]
[SourceVersion "1"]
[SourceVersionDate "2021.10.06"]
[SourceQuality "1"]
[WhiteTeam "Toijala AkaaS"]
[BlackTeam "Tampere Tammer II"]
[WhiteTeamCountry "FIN"]
[BlackTeamCountry "FIN"]

1. e4 e6 2. d4 d5 3. Nc3 Bb4 4. a3 Bxc3+ 5. bxc3 dxe4 6. Qg4 Nf6 7. Qxg7 Rg8 8. Qh6 Nbd7 9. Bb2 c5 10. 0-0-0 Rg6 11. Qd2 Qc7 12. c4 cxd4 13. Qxd4 b6 14. Qd6 Qxd6 15. Rxd6 Ke7 16. Rd2 Ba6 17. Nh3 Rc8 18. Nf4 Rg4 19. g3 Bxc4 20. Bg2 Bb5 21. Re1 Nc5 22. Kb1 Bc6 23. a4 Rgg8 24. a5 Rgd8 25. Rxd8 Rxd8 26. axb6 axb6 27. Kc1 Nfd7 28. Ba3 Ra8 29. Kb2 f5 30. Ne2 Kf6 31. Nd4 Bd5 32. Bf1 Ne5 33. Bb4 Bc4 34. Bxc4 Nxc4+ 35. Kc3 Ne5 36. Bxc5 bxc5 37. Nb3 c4 38. Nd2 Rd8 39. Ra1 Ng4 40. f3 exf3 41. Nxf3 Ne3 42. Ra6 Nd5+ 43. Kxc4 Rc8+ 44. Kb3 0-1

[Event "Keres Memorial op"]
[Site "Tallinn"]
[Date "2014.01.13"]
[Round "5"]
[White "Krupenski, Juri"]
[Black "Iivonen, Markku"]
[Result "1-0"]
[WhiteElo "2300"]
[BlackElo "2042"]
[PlyCount "135"]
[EventDate "2014.01.10"]
[EventType "swiss"]
[EventRounds "9"]
[EventCountry "EST"]
[SourceTitle "CBM 158 Extra"]
[Source "ChessBase"]
[SourceDate "2014.02.28"]
[SourceVersion "1"]
[SourceVersionDate "2014.02.28"]
[SourceQuality "1"]

1. e4 d6 2. d4 Nf6 3. Nc3 g6 4. Nf3 Bg7 5. Be2 0-0 6. 0-0 Nc6 7. d5 Ne5 8. Nd4 c5 9. Nb3 Ned7 10. Nd2 a6 11. a4 Rb8 12. Nc4 Ne5 13. Nxe5 dxe5 14. a5 Bd7 15. Be3 Rc8 16. f3 Ne8 17. Na4 Bxa4 18. Rxa4 Nd6 19. c3 Qd7 20. Ra1 Kh8 21. Qa4 Qxa4 22. Rxa4 f5 23. exf5 gxf5 24. g4 c4 25. gxf5 Nxf5 26. Bf2 Nd6 27. Re1 Rf5 28. Bd1 Bf6 29. Kg2 e4 30. Bg3 Rxd5 31. fxe4 Rd2+ 32. Kh3 e5 33. Rb4 Rg8 34. Rb6 Rg6 35. Bh5 Rg8 36. Bf3 Rg6 37. Re2 Rd3 38. Rf2 Kg7 39. Rf1 Rd2 40. Rf2 Rd3 41. Rb4 h5 42. Bxh5 Rh6 43. Kg4 Nxe4 44. Rxb7+ Kh8 45. Re2 Nd6 46. Rb8+ Kg7 47. Bxe5 Bxe5 48. Rxe5 Kf6 49. Re2 Rd5 50. Rf2+ Kg7 51. Be8 Re6 52. Bc6 Re4+ 53. Rf4 Rxf4+ 54. Kxf4 Rxa5 55. Rd8 Nf7 56. Rd7 Kf6 57. Bd5 Nh6 58. Bxc4 Rf5+ 59. Ke4 Rf2 60. Rd6+ Kg7 61. b4 Rxh2 62. Rxa6 Ng4 63. Be6 Nf6+ 64. Kd4 Kf8 65. Ra7 Rh4+ 66. Ke5 Ne4 67. c4 Ke8 68. c5 1-0